Normal view MARC view
  • Pakistan Search for peace with Afghanistan

Entry Topical Term

Number of records used in: 1

001 - CONTROL NUMBER

  • control field: 132862

003 - CONTROL NUMBER IDENTIFIER

  • control field: NUST

005 - DATE AND TIME OF LATEST TRANSACTION

  • control field: 20260121113138.0

008 - FIXED-LENGTH DATA ELEMENTS

  • fixed length control field: 260121|| aca||aabn | a|a d

040 ## - CATALOGING SOURCE

  • Original cataloging agency: NUST
  • Transcribing agency: NUST

150 ## - HEADING--TOPICAL TERM

  • Topical term or geographic name entry element: Pakistan Search for peace with Afghanistan

670 ## - SOURCE DATA FOUND

  • Source citation: Work cat.: (NUST): Latif Zahid 132151, Pakistan's Search for Peace with Afghanistan,, 2025
© 2023 Central Library, National University of Sciences and Technology. All Rights Reserved.